[Event "Seversk"]
[Site "Seversk"]
[Date "1997.??.??"]
[Round "6"]
[White "Frolov, Denis"]
[Black "Balashov, Yuri S"]
[Result "0-1"]
[WhiteElo "2330"]
[BlackElo "2510"]
[PlyCount "92"]
[EventDate "1997.??.??"]
[EventType "tourn"]
[EventRounds "13"]
[EventCountry "RUS"]
[EventCategory "8"]
[SourceTitle "EXT 2000"]
[Source "ChessBase"]
[SourceDate "1999.11.16"]
[SourceVersion "1"]
[SourceVersionDate "1999.11.16"]
[SourceQuality "1"]

1. e4 c5 2. Nf3 e6 3. d4 cxd4 4. Nxd4 Nf6 5. Nc3 d6 6. Bc4 Be7 7. Bb3 O-O 8. g4
d5 9. exd5 Nxd5 10. Nxd5 exd5 11. Be3 Nc6 12. Nxc6 bxc6 13. Qf3 a5 14. a4 Bg5
15. O-O-O Bxe3+ 16. fxe3 Qg5 17. h3 Re8 18. Rhe1 Rb8 19. Qf4 Qxf4 20. exf4 Kf8
21. Rxe8+ Kxe8 22. Rd4 h5 23. f5 h4 24. Ba2 Rb4 25. Rxb4 axb4 26. Kd2 Ba6 27.
Ke1 Kd7 28. c3 bxc3 29. bxc3 Bd3 30. Bb3 Kc7 31. Kf2 Kb6 32. Bd1 f6 33. Kf3 Ka5
34. Ke3 Bf1 35. Kf2 Bxh3 36. Kg1 c5 37. Kf2 c4 38. Kg1 d4 39. cxd4 c3 40. d5
Bxg4 41. Bc2 Bf3 42. d6 Kb6 43. Kh2 Kc6 44. Kh3 Kxd6 45. Kxh4 Kc5 46. Kg3 Bc6
0-1

[Event "Seversk"]
[Site "Seversk"]
[Date "1997.??.??"]
[Round "11"]
[White "Balashov, Yuri S"]
[Black "Filippov, Valerij"]
[Result "1-0"]
[WhiteElo "2510"]
[BlackElo "2510"]
[PlyCount "111"]
[EventDate "1997.??.??"]
[EventType "tourn"]
[EventRounds "13"]
[EventCountry "RUS"]
[EventCategory "8"]
[SourceTitle "EXT 2000"]
[Source "ChessBase"]
[SourceDate "1999.11.16"]
[SourceVersion "1"]
[SourceVersionDate "1999.11.16"]
[SourceQuality "1"]

1. e4 c5 2. Nf3 e6 3. Nc3 Nc6 4. Be2 Nf6 5. O-O d5 6. exd5 Nxd5 7. d4 cxd4 8.
Nb5 e5 9. Nxe5 Nxe5 10. Qxd4 f6 11. Qxd5 Qxd5 12. Nc7+ Kf7 13. Nxd5 Bc5 14. Be3
Bxe3 15. Nxe3 Nc6 16. Bc4+ Be6 17. Rad1 Rhd8 18. Bxe6+ Kxe6 19. Rfe1 Rxd1 20.
Rxd1 b5 21. Rd5 a6 22. Rc5 Ne7 23. Kf1 Kd6 24. b4 g6 25. a3 f5 26. g3 Nc6 27.
c4 Kc7 28. cxb5 axb5 29. Nd5+ Kd6 30. Nc3 Na7 31. Nxb5+ Nxb5 32. Rxb5 Rxa3 33.
Rb7 f4 34. Rxh7 f3 35. Ke1 Ra2 36. Rf7 Ra3 37. Rf6+ Ke5 38. Rxg6 Ra1+ 39. Kd2
Ra2+ 40. Kd3 Rxf2 41. Ke3 Rxh2 42. Kxf3 Rb2 43. Rb6 Kf5 44. Rb5+ Kf6 45. Kg4
Rd2 46. Rb8 Rd4+ 47. Kh3 Kg5 48. b5 Rb4 49. b6 Kg6 50. g4 Kg7 51. Kg3 Kg6 52.
Kf3 Kh7 53. g5 Kg7 54. Ke3 Rb5 55. Kd4 Rxg5 56. Kc4 1-0

[Event "RUS-Cup4"]
[Site "Perm"]
[Date "1997.02.08"]
[Round "1"]
[White "Balashov, Yuri S"]
[Black "Zakharov, Alexander V"]
[Result "1-0"]
[WhiteElo "2510"]
[BlackElo "2375"]
[PlyCount "107"]
[EventDate "1997.02.02"]
[EventType "swiss"]
[EventRounds "9"]
[EventCountry "RUS"]
[SourceTitle "CBM 058"]
[Source "ChessBase"]
[SourceDate "1997.06.01"]
[SourceVersion "1"]
[SourceVersionDate "1997.06.01"]
[SourceQuality "1"]

1. e4 e6 2. Qe2 c5 3. b3 Nc6 4. Nf3 d6 5. g3 Nf6 6. Bb2 Be7 7. Bg2 O-O 8. O-O
Qc7 9. c3 d5 10. d3 b6 11. Nbd2 Bb7 12. Rfe1 a5 13. a4 Rfd8 14. e5 Nd7 15. Nb1
Nf8 16. Na3 f5 17. exf6 Bxf6 18. Nb5 Qb8 19. d4 Re8 20. Ba3 Ba6 21. Qd2 Na7 22.
Bf1 Bxb5 23. axb5 Qc7 24. Rac1 Rad8 25. dxc5 bxc5 26. Qe3 Nd7 27. c4 d4 28. Qe4
Nc8 29. Bd3 g6 30. Qc6 Qd6 31. Rc2 Qe7 32. Rce2 Kf7 33. h4 Ncb6 34. Bc1 Rc8 35.
Qe4 e5 36. h5 Rg8 37. hxg6+ hxg6 38. Kg2 a4 39. bxa4 Nxa4 40. Rh1 Ke8 41. Bd2
Nb2 42. Bf4 Na4 43. Qd5 Qf7 44. Qb7 Kd8 45. Ng5 Qe8 46. Rh7 Rg7 47. Rxg7 Bxg7
48. Ne4 exf4 49. Nd6 f3+ 50. Qxf3 Qf8 51. Nf7+ Kc7 52. Qc6+ Kb8 53. Qxd7 Nb6
54. Qe6 1-0

[Event "RUS-Cup9"]
[Site "Novgorod"]
[Date "1997.06.12"]
[Round "2"]
[White "Beshukov, Sergei"]
[Black "Balashov, Yuri S"]
[Result "0-1"]
[WhiteElo "2435"]
[BlackElo "2510"]
[PlyCount "104"]
[EventDate "1997.06.11"]
[EventType "swiss"]
[EventRounds "9"]
[EventCountry "RUS"]
[SourceTitle "CBM 060"]
[Source "ChessBase"]
[SourceDate "1997.09.29"]
[SourceVersion "1"]
[SourceVersionDate "1997.09.29"]
[SourceQuality "1"]

1. e4 c5 2. Nf3 Nc6 3. d4 cxd4 4. Nxd4 Qb6 5. Nb3 Nf6 6. Nc3 e6 7. Bd3 a6 8.
O-O d6 9. Be3 Qc7 10. f4 b5 11. Kh1 Be7 12. Qf3 Rb8 13. Rae1 Bb7 14. Qg3 g6 15.
e5 Nh5 16. Qf2 O-O 17. exd6 Bxd6 18. Ne4 Be7 19. Bb6 Qc8 20. Bc5 Bxc5 21. Nbxc5
Nb4 22. Be2 Bxe4 23. Nxe4 Qxc2 24. Bxh5 Qxf2 25. Rxf2 Nd3 26. Rff1 Nxe1 27.
Rxe1 gxh5 28. Nf6+ Kg7 29. Nd7 Rbd8 30. Nxf8 Kxf8 31. h4 Rd2 32. Rb1 Rf2 33. g3
Ke7 34. a3 Kf6 35. Kg1 Rc2 36. b4 Rc3 37. Kg2 Rxa3 38. Rc1 Ra4 39. Rc6 h6 40.
Kf3 Ra3+ 41. Kf2 Ra4 42. Kf3 Rxb4 43. Rxa6 Rb1 44. Ra7 b4 45. Rb7 b3 46. Kg2 b2
47. Kh2 Kg7 48. Kg2 Kf8 49. f5 e5 50. f6 Ke8 51. Kh2 Kd8 52. Kg2 Kc8 0-1

[Event "RUS-Cup10"]
[Site "Tomsk"]
[Date "1997.07.22"]
[Round "2"]
[White "Shinkevich, Vitaly"]
[Black "Balashov, Yuri S"]
[Result "0-1"]
[WhiteElo "2375"]
[BlackElo "2550"]
[PlyCount "58"]
[EventDate "1997.07.21"]
[EventType "swiss"]
[EventRounds "9"]
[EventCountry "RUS"]
[SourceTitle "EXT 2000"]
[Source "ChessBase"]
[SourceDate "1999.11.16"]
[SourceVersion "1"]
[SourceVersionDate "1999.11.16"]
[SourceQuality "1"]

1. e4 c5 2. Nf3 Nc6 3. d4 cxd4 4. Nxd4 Qb6 5. Nb3 Nf6 6. Nc3 e6 7. Be3 Qc7 8.
Be2 Bb4 9. O-O Bxc3 10. bxc3 Nxe4 11. Qd3 d5 12. c4 Nb4 13. Qd4 e5 14. Qb2 d4
15. Nxd4 exd4 16. Bxd4 Nc6 17. Bxg7 Rg8 18. Rfe1 Be6 19. Bh5 Nc5 20. Rad1 Rd8
21. Rd5 Ne7 22. Qb5+ Nd7 23. Rde5 Ng6 24. Rxe6+ fxe6 25. Rxe6+ Kf7 26. Bb2 Qc5
27. Rf6+ Ke7 28. Qb3 Qxh5 29. Qe3+ Nde5 0-1

[Event "Kstovo"]
[Site "Kstovo"]
[Date "1998.??.??"]
[Round "4"]
[White "Novgorodskij, Vladimir"]
[Black "Balashov, Yuri S"]
[Result "0-1"]
[WhiteElo "2420"]
[BlackElo "2555"]
[PlyCount "102"]
[EventDate "1998.??.??"]
[EventType "tourn"]
[EventRounds "9"]
[EventCountry "RUS"]
[EventCategory "11"]
[SourceTitle "EXT 1999"]
[Source "ChessBase"]
[SourceDate "1998.11.16"]
[SourceVersion "1"]
[SourceVersionDate "1998.11.16"]
[SourceQuality "1"]

1. e4 c5 2. Nf3 Nc6 3. d4 cxd4 4. Nxd4 Nf6 5. Nc3 d6 6. Bc4 Qb6 7. Nb3 e6 8.
O-O a6 9. Be3 Qc7 10. Bd3 b5 11. f4 Be7 12. Qf3 Rb8 13. Rae1 O-O 14. Kh1 Nb4
15. e5 Nxd3 16. cxd3 Nd7 17. Qg3 Qd8 18. Bf2 Bb7 19. exd6 Bxd6 20. Bd4 g6 21.
Qh3 Re8 22. Ne4 Bxe4 23. dxe4 Qe7 24. f5 exf5 25. Re3 Be5 26. exf5 Qf6 27. Rfe1
Red8 28. fxg6 hxg6 29. Bxe5 Nxe5 30. Nc5 Nc4 31. Rf3 Qe7 32. Ref1 Ne5 33. Rc3
b4 34. Rcc1 Rbc8 35. Qe3 Rd5 36. Nb3 Rxc1 37. Rxc1 Qd6 38. Qe2 Nd3 39. Rf1 Nf4
40. Qf3 Rf5 41. Qa8+ Kg7 42. g3 Ne6 43. Rxf5 gxf5 44. Qf3 Qe5 45. h4 a5 46. Qf2
a4 47. Nc1 Qd5+ 48. Kh2 Qd1 49. Qe3 Qc2+ 50. Kh3 Qxb2 51. Ne2 Qa1 0-1

[Event "Kstovo"]
[Site "Kstovo"]
[Date "1998.??.??"]
[Round "5"]
[White "Balashov, Yuri S"]
[Black "Yanin, Pavel"]
[Result "1-0"]
[WhiteElo "2555"]
[BlackElo "2430"]
[PlyCount "107"]
[EventDate "1998.??.??"]
[EventType "tourn"]
[EventRounds "9"]
[EventCountry "RUS"]
[EventCategory "11"]
[SourceTitle "EXT 1999"]
[Source "ChessBase"]
[SourceDate "1998.11.16"]
[SourceVersion "1"]
[SourceVersionDate "1998.11.16"]
[SourceQuality "1"]

1. e4 d5 2. exd5 Nf6 3. c4 e6 4. d4 exd5 5. Nf3 Be7 6. Nc3 O-O 7. Bd3 c6 8. h3
dxc4 9. Bxc4 Nbd7 10. O-O Nb6 11. Bb3 Nbd5 12. Ne5 Be6 13. Re1 c5 14. Bg5 cxd4
15. Qxd4 Nxc3 16. Qxc3 Nd5 17. Bxe7 Qxe7 18. Qf3 Rad8 19. Rad1 Nb6 20. Nd3 Qc7
21. Bxe6 fxe6 22. Qg4 e5 23. Nxe5 Rde8 24. Rc1 Qd6 25. Nf3 Rxe1+ 26. Rxe1 h6
27. Qe4 Qd5 28. a3 Qxe4 29. Rxe4 Nd5 30. h4 Rc8 31. Rd4 Nf6 32. Kf1 Kf7 33. Ke2
Ke6 34. Kd2 b5 35. Ne1 a5 36. Nd3 Rc7 37. f3 g5 38. b4 a4 39. Nc5+ Ke5 40. Kd3
Nd5 41. Re4+ Kf6 42. Re6+ Kg7 43. Re5 Nf4+ 44. Ke4 Kf6 45. g3 Ne2 46. Re6+ Kg7
47. hxg5 hxg5 48. Rb6 Nxg3+ 49. Kd3 Rc8 50. Ne6+ Kf6 51. Nd4+ Ke5 52. Rxb5+ Kf4
53. Rc5 Re8 54. b5 1-0

[Event "Kstovo"]
[Site "Kstovo"]
[Date "1998.??.??"]
[Round "6"]
[White "Voitsekhovsky, Stanislav"]
[Black "Balashov, Yuri S"]
[Result "0-1"]
[WhiteElo "2540"]
[BlackElo "2555"]
[PlyCount "72"]
[EventDate "1998.??.??"]
[EventType "tourn"]
[EventRounds "9"]
[EventCountry "RUS"]
[EventCategory "11"]
[SourceTitle "EXT 1999"]
[Source "ChessBase"]
[SourceDate "1998.11.16"]
[SourceVersion "1"]
[SourceVersionDate "1998.11.16"]
[SourceQuality "1"]

1. e4 e5 2. Nf3 Nc6 3. d4 exd4 4. Nxd4 Bc5 5. Be3 Qf6 6. c3 Nge7 7. Bc4 Ne5 8.
Be2 Qg6 9. O-O d6 10. f4 Qxe4 11. Bf2 Bxd4 12. cxd4 N5g6 13. Nc3 Qxf4 14. Nb5
O-O 15. Nxc7 Rb8 16. d5 b6 17. Nb5 Qg5 18. Nxa7 Bb7 19. Bf3 Bxd5 20. Bxd5 Nxd5
21. h4 Qf5 22. Nc6 Rbc8 23. Bxb6 Qe4 24. Re1 Qc4 25. Na7 Nxb6 26. Nxc8 Nxc8 27.
h5 Ne5 28. a4 Qc5+ 29. Kh1 Ne7 30. a5 Nf5 31. a6 h6 32. a7 Ra8 33. Qb3 Kh7 34.
Qb8 Ng4 35. Ra3 Qf2 36. Qb4 Rxa7 0-1

[Event "RUS-Cup08"]
[Site "Omsk/Perm"]
[Date "1998.??.??"]
[Round "1"]
[White "Nureev, Garun"]
[Black "Balashov, Yuri S"]
[Result "0-1"]
[WhiteElo "2355"]
[BlackElo "2555"]
[PlyCount "67"]
[EventDate "1998.??.??"]
[EventType "swiss"]
[EventRounds "9"]
[EventCountry "RUS"]
[SourceTitle "EXT 2000"]
[Source "ChessBase"]
[SourceDate "1999.11.16"]
[SourceVersion "1"]
[SourceVersionDate "1999.11.16"]
[SourceQuality "1"]

1. c4 Nf6 2. Nc3 e5 3. g3 Bb4 4. Bg2 Bxc3 5. bxc3 d6 6. Rb1 Nbd7 7. d4 O-O 8.
Nf3 Re8 9. O-O e4 10. Nd2 Nb6 11. Qc2 e3 12. fxe3 Ng4 13. Nb3 Nxc4 14. Bd5 Be6
15. Bxe6 Rxe6 16. Qf5 Nf6 17. Qd3 b5 18. d5 Re5 19. Nd4 Rxd5 20. e4 Rc5 21.
Rxb5 Ne5 22. Qc2 Rxb5 23. Nxb5 Qd7 24. Nd4 Qh3 25. Nf3 Nfg4 26. Bf4 Rb8 27. Qd2
Ng6 28. Rd1 h6 29. c4 Re8 30. Qd4 Nf6 31. Qxa7 Nxf4 32. gxf4 Rxe4 33. Rd3 Rxe2
34. Ne1 0-1

[Event "RUS-Cup08"]
[Site "Omsk/Perm"]
[Date "1998.??.??"]
[Round "2"]
[White "Balashov, Yuri S"]
[Black "Lopushnoy, Denis"]
[Result "1-0"]
[WhiteElo "2555"]
[BlackElo "2390"]
[PlyCount "64"]
[EventDate "1998.??.??"]
[EventType "swiss"]
[EventRounds "9"]
[EventCountry "RUS"]
[SourceTitle "EXT 2000"]
[Source "ChessBase"]
[SourceDate "1999.11.16"]
[SourceVersion "1"]
[SourceVersionDate "1999.11.16"]
[SourceQuality "1"]

1. Nf3 Nf6 2. c4 e6 3. Nc3 Bb4 4. Qc2 O-O 5. b3 d5 6. e3 c5 7. a3 Ba5 8. Bb2
Nc6 9. cxd5 exd5 10. Na4 d4 11. Nxc5 dxe3 12. fxe3 Re8 13. b4 Bc7 14. Bc4 Ne5
15. Nxe5 Bxe5 16. O-O b6 17. Nd3 Bxb2 18. Qxb2 Qd6 19. Rf4 Be6 20. Rd4 Qe7 21.
Bxe6 Qxe6 22. Rc1 Rac8 23. Nf4 Qe7 24. b5 Rc5 25. Rxc5 Qxc5 26. h3 h6 27. Qb3
Qc1+ 28. Kh2 Qe1 29. Qd3 h5 30. Qe2 Qc1 31. Nxh5 Nxh5 32. Qxh5 Qxa3 1-0

[Event "Staufer op 10th"]
[Site "Schwaebisch Gmuend"]
[Date "1998.??.??"]
[Round "9"]
[White "Balashov, Yuri S"]
[Black "Pribyl, Josef"]
[Result "1-0"]
[WhiteElo "2555"]
[BlackElo "2425"]
[PlyCount "81"]
[EventDate "1998.01.??"]
[EventType "swiss"]
[EventRounds "9"]
[EventCountry "GER"]
[SourceTitle "CBM 062 Extra"]
[Source "ChessBase"]
[SourceDate "1998.03.09"]
[SourceVersion "1"]
[SourceVersionDate "1998.03.09"]
[SourceQuality "1"]

1. c4 e5 2. Nc3 Nc6 3. g3 Bb4 4. Nd5 Bc5 5. Bg2 Nge7 6. e3 Nxd5 7. cxd5 Nb4 8.
d4 exd4 9. exd4 Bd6 10. a3 Na6 11. Ne2 c6 12. Nc3 cxd5 13. Qe2+ Qe7 14. Qxe7+
Kxe7 15. Nxd5+ Kf8 16. O-O Rb8 17. Bd2 b5 18. Rac1 Bb7 19. Nc3 Bxg2 20. Kxg2
Kg8 21. Ne4 Be7 22. Bf4 Ra8 23. Rfe1 b4 24. Bd6 Bxd6 25. Nxd6 bxa3 26. bxa3 Rf8
27. Re7 h5 28. Rxd7 Rh6 29. Nf5 Rf6 30. Ne7+ Kh7 31. Rxa7 Nb8 32. Rc5 g6 33. d5
Rd6 34. Nc8 Rd7 35. Rxd7 Nxd7 36. Rc7 Nf6 37. d6 Kg7 38. Nb6 Rd8 39. d7 Kf8 40.
a4 Ke7 41. a5 1-0

[Event "RUS-Cup02"]
[Site "Moscow"]
[Date "1998.??.??"]
[Round "2"]
[White "Novgorodskij, Vladimir"]
[Black "Balashov, Yuri S"]
[Result "0-1"]
[WhiteElo "2420"]
[BlackElo "2555"]
[PlyCount "77"]
[EventDate "1998.01.21"]
[EventType "swiss"]
[EventRounds "9"]
[EventCountry "RUS"]
[SourceTitle "CBM 063"]
[Source "ChessBase"]
[SourceDate "1998.03.26"]
[SourceVersion "1"]
[SourceVersionDate "1998.03.26"]
[SourceQuality "1"]

1. e4 e5 2. Nf3 Nc6 3. Bb5 a6 4. Ba4 Nf6 5. O-O Be7 6. Re1 b5 7. Bb3 d6 8. c3
O-O 9. d3 Na5 10. Bc2 c5 11. Nbd2 Re8 12. Nf1 Bb7 13. d4 cxd4 14. cxd4 exd4 15.
Nxd4 Bf8 16. Ng3 g6 17. Bg5 h6 18. Bf4 Nc4 19. b3 Ne5 20. a4 bxa4 21. bxa4 Nfd7
22. Qd2 Kh7 23. Rab1 Rb8 24. Nb3 Qh4 25. Na5 Ba8 26. Rxb8 Rxb8 27. Bxe5 Nxe5
28. Qe2 Bg7 29. Nc4 Qf4 30. Nxe5 Bxe5 31. Qxa6 Rb2 32. Qd3 Bc6 33. Re2 Ra2 34.
Nf1 Ra1 35. g3 Qc1 36. Rd2 Bxe4 37. Qe2 Bf3 38. Qd3 Bc3 39. Qc4 0-1

[Event "RUS-Cup02"]
[Site "Moscow"]
[Date "1998.01.25"]
[Round "5"]
[White "Balashov, Yuri S"]
[Black "Yandemirov, Valeri"]
[Result "1-0"]
[WhiteElo "2555"]
[BlackElo "2545"]
[Annotator "Blatny,P"]
[PlyCount "57"]
[EventDate "1998.01.21"]
[EventType "swiss"]
[EventRounds "9"]
[EventCountry "RUS"]
[SourceTitle "CBM 063"]
[Source "ChessBase"]
[SourceDate "1998.03.26"]
[SourceVersion "1"]
[SourceVersionDate "1998.03.26"]
[SourceQuality "1"]

1. e4 c6 2. c4 d5 3. exd5 cxd5 4. cxd5 Nf6 5. Nc3 Nxd5 6. Nf3 Nc6 7. Bb5 e6 8.
O-O Be7 9. d4 O-O {[%csl Gc5,Rc6,Gd4,Rd5,Ge5,Re6]} 10. Re1 Bd7 (10... Nf6 11.
Bf4 Nb4 12. Ne5 a6 13. Be2 Nbd5 14. Bg3 $14 {Kortschnoj,V-Serper,G/WchT 1993})
11. Bd3 (11. Nxd5 exd5 12. Qb3 Bg4 13. Bxc6 bxc6 14. Ne5 Rb8 15. Nxc6 Rxb3 16.
Nxd8 Rd3 17. Nc6 Bf6 18. Be3 $16 {Damaso,R-Silva,F/POR-ch m 1996}) 11... Bf6 (
11... Rc8 12. Bb1 Nxc3 13. bxc3 g6 14. Bh6 Re8 15. Bd3 Bf6 16. Qd2 Ne7 17. Ne5
Nf5 18. Bf4 Ba4 19. Rab1 b6 20. Ba6 $36 {Al Modiahki,M-Li Wenliang/Lee Cup 1995
}) 12. Be4 Re8 (12... Nxc3 13. bxc3 Rc8 {[%cal Rc8c3,Rf6c3]}) 13. Qd3 $132 (13.
Nxd5 exd5 14. Bxd5 Qa5 15. Bxc6 Bxc6 16. Rxe8+ Rxe8 $44) 13... h6 (13... g6 14.
Nxd5 exd5 15. Bxd5 $4 Rxe1+ 16. Nxe1 Qa5 $19) 14. Ne5 (14. Nxd5 exd5 15. Bxd5
Rxe1+ 16. Nxe1 Qa5 17. Qe4 Re8 $19) 14... Ndb4 15. Bh7+ $40 Kf8 16. Qe4 Nxe5 (
16... Rc8 $5 $11) 17. dxe5 Be7 18. Qg4 (18. Qxb7 $4 Bc6 $19) 18... g5 19. h4 $1
Bc6 (19... Kg7 $5 20. Bb1 Nc6) 20. hxg5 hxg5 21. Rd1 (21. Bxg5 Bxg5 22. Qxb4+)
21... Qa5 {[%csl Rb4][%cal Ra5e5,Gg4b4,Gg4g8]} 22. Bxg5 Bxg5 23. Qxg5 Red8 (
23... Rec8 24. Ne4 Bxe4 25. Rd7 Bg6 26. Qf6 $18) 24. a3 Nd5 25. Ne4 Qa4 26. b3
Qxb3 27. Nd6 Be8 28. Rab1 (28. Nxe8 Kxe8 29. Rdb1 Qc3 30. Qg8+ Ke7 31. Rxb7+
Qc7 32. Rxc7+ Nxc7 33. Qg5+ Kf8 $18) 28... Qa4 29. Rxd5 (29. Rxd5 b6 (29...
exd5 30. Nf5 {/\Qg7,Qe7}) 30. Qh6+ Ke7 31. Nf5+ exf5 32. Qf6+ Kf8 33. e6 $18)
1-0

[Event "RUS-Cup06"]
[Site "Nizhnij Novgorod"]
[Date "1998.06.29"]
[Round "1"]
[White "Balashov, Yuri S"]
[Black "Rozhkov, Nikolay"]
[Result "1-0"]
[WhiteElo "2555"]
[BlackElo "2325"]
[PlyCount "79"]
[EventDate "1998.06.29"]
[EventType "swiss"]
[EventRounds "9"]
[EventCountry "RUS"]
[SourceTitle "EXT 2000"]
[Source "ChessBase"]
[SourceDate "1999.11.16"]
[SourceVersion "1"]
[SourceVersionDate "1999.11.16"]
[SourceQuality "1"]

1. e4 c5 2. Nf3 d6 3. Nc3 Nf6 4. e5 dxe5 5. Nxe5 a6 6. Be2 e6 7. O-O Be7 8. Bf3
O-O 9. b3 Qc7 10. Nc4 Nc6 11. a4 b6 12. Re1 Rb8 13. Bxc6 Qxc6 14. Ne5 Qc7 15.
d3 Bb7 16. Bf4 Bd6 17. Bg3 Rbe8 18. Nc4 Bxg3 19. hxg3 e5 20. Qd2 Nd5 21. Nxd5
Bxd5 22. Qc3 f6 23. Ne3 Be6 24. b4 Rc8 25. bxc5 Qxc5 26. Qxc5 bxc5 27. Reb1 Rb8
28. a5 Rb4 29. c3 Rb5 30. c4 Rb4 31. Rxb4 cxb4 32. Rb1 Rb8 33. Rb3 Kf7 34. f3
f5 35. Kf2 Ke7 36. Nc2 e4 37. Nxb4 Kd6 38. fxe4 fxe4 39. Ke3 exd3 40. Rxd3+ 1-0

[Event "RUS-Cup06"]
[Site "Nizhnij Novgorod"]
[Date "1998.07.03"]
[Round "5"]
[White "Balashov, Yuri S"]
[Black "Skatchkov, Pavel"]
[Result "1-0"]
[WhiteElo "2555"]
[BlackElo "2415"]
[Annotator "Lukacs,P"]
[PlyCount "39"]
[EventDate "1998.06.29"]
[EventType "swiss"]
[EventRounds "9"]
[EventCountry "RUS"]
[SourceTitle "EXT 2000"]
[Source "ChessBase"]
[SourceDate "1999.11.16"]
[SourceVersion "1"]
[SourceVersionDate "1999.11.16"]
[SourceQuality "1"]

1. c4 c6 2. e4 d5 3. exd5 cxd5 4. cxd5 Nf6 5. Nc3 g6 (5... Nxd5 {is the main
line and not without a reason. The P sacrifice resembles to the Panov Attack 5.
..g6 line, which is also a bit dubious.}) 6. Nf3 Bg7 7. Bc4 O-O 8. O-O b6 $6 {
By this way Black cannot get back the d5 P easily.} (8... Nbd7 9. d3 $1 Nb6 (
9... Ne8 10. Re1 Nd6 {Black has blockaded the d5 P, but winning it back is
impossible. This P makes his position passive and an active counterplay is not
easy to find. White increases the pressure slowly but surely.} 11. Bg5 Nf6 12.
Bb3 Bd7 13. Qd2 a5 14. a4 Rc8 15. h3 $16 {Speelman-Csom, Hastings 1978/79}) 10.
Qb3 Bf5 (10... Ne8 11. Bf4 Nd6 12. Be5 Bh6 13. Nd4 $16 {with a total control
of the [+], Lukin-Imanaliev, Frunze op 1989.}) (10... Bg4 11. Ne5 Bf5 12. Re1
$14 {Korneev-Rocabert, Manresa op 1996}) 11. Bf4 (11. Re1 $5 Rc8 12. Bg5 h6 13.
Bh4 g5 14. Bg3 Nfd7 15. Re3 Nc5 16. Qa3 $14 {and finally the Q has a good
square, D.Cramling-Ingbrandt, Sweden (cht) 1996.}) 11... Rc8 12. Rfe1 Nfd7 13.
Bg5 $1 Nc5 14. Qa3 $16 {Kalinichev-Tischbierek, Berlin 1986}) (8... Na6 9. d4
Nc7 10. Qb3 (10. Re1 Nfxd5 $1 $13 {Reeh-Sapis, Germany 1991}) 10... a6 {
/\ b7-b5} (10... Nfe8 {is again too passive:} 11. Bf4 Nd6 12. Bd3 b6 13. Rfe1
Bb7 14. Ne5 $16 {Claesen-Rogers, Wijk aan Zee 1996}) 11. Ne5 $1 (11. a4 {
is not a real defence again b7-b5:} b5 $1 12. axb5 axb5 13. Rxa8 bxc4 14. Rxc8
cxb3 15. Rxd8 Rxd8) 11... b5 12. Be2 Bb7 13. Nc6 Qd6 14. Bf3 e6 15. Bg5 Nfxd5
16. Na5 Bc8 17. Rac1 Bd7 18. Nb7 Qb6 19. Nc5 Bc6 20. Rfd1 $14 {and the N on c5
is very strong, Korneev-Alavkin, Novgorod 1997.}) (8... Bg4 9. h3 Bxf3 10. Qxf3
{This exchange was useful only for White.} Nbd7 11. d4 Ne8 12. Be3 Nd6 13. Bb3
$16 {Keres-Rytov, Tallin 1973}) (8... a6 9. a4) 9. d4 $1 (9. Re1 Bb7 10. Qb3
Na6 11. d4 Nc7 {Now it is not so easy for White to hang on the d5 P.} 12. Bg5 (
12. Re5 Qd7 13. Bg5 h6 14. Bh4 g5 15. Bg3 {White has provoked some weaknesses
on the >>, but cannot keep the important d5 P anymore.} Rad8 16. Rae1 Ncxd5 17.
R5e2 e6 18. Ne5 Qc8 $13 {Van Riemsdijk-Izquierdo, Sao Paulo zt 1993}) 12...
Ncxd5 13. Nxd5 Nxd5 14. Bxd5 Bxd5 15. Bxe7 Qd7 16. Qa3 Rfe8 17. Rad1 $14 {
White is a P up, but Black's ^^, and the blockade on d5 make White's task very
difficult, Van Riemsdijk-Campora, Buenos Aires 1991.}) 9... Bb7 10. Qb3 Na6 11.
Ne5 $1 {Suddenly it becomes clear, that Black cannot get the d5 P back, while
the white pieces invade Black's camp.} Qd6 (11... Nc7 12. d6 $1 $18) (11... Nd7
12. Nxf7 $1 Rxf7 13. d6 Qf8 14. Qa4) 12. Nb5 $1 $18 {The game is just
beginning, and Black is lost already!} Qb8 (12... Qb4 13. d6 Qxb3 14. axb3 $18)
13. d6 $1 e6 14. Bg5 Re8 15. d7 Rf8 16. Rfe1 h6 {[#]} 17. Nxf7 $1 {White
finishes the fight in a nice way!} Rxf7 (17... hxg5 18. Bxe6) (17... Kxf7 18.
Bxe6+) 18. Bxe6 hxg5 (18... Qf8 19. Bxf6 Bxf6 20. Bxf7+ Qxf7 21. Re8+ Kg7 22.
Qxf7+ Kxf7 23. Nd6+) 19. Bxf7+ Kh7 20. Re8 1-0